00587cam a22002171 4500001001300000003000400013005001700017008004100034010001700075035001900092040001800111042001200129050002200141100003000163245002800193250001400221260008500235300001100320650002100331999001700352sa 67006851 DLC20260227112411.0820810s1966 ii 000 0 eng  asa 67006851  a(OCoLC)8676034 aDLCcMoUdDLC apremarc00aBJ1581b.A52 19661 aAllen, James,d1864-1912.10aBy ways of blessedness. a[1st ed.] aTirunelveli,bSouth India Saiva Siddhanta Works Pub. Society, Tinnevelly,c1966. a140 p. 0aConduct of life. c76200d76200